000 00560nam a2200145 a 4500
008 120416s1992 ||||||||||||||||| || u
050 _aHC 915 Zam
245 1 0 _aZambia's structural adjustment programme
246 _aa 3-day, national conference
260 _aKitwe
_bCopperbelt University School of Business
_c1992
300 _ain various pagings
350 _a0.00
650 _aSTRUCTURAL ADJUSTMENT PROGRAMME--ZAMBIA
995 _D0.00
_FCBU-MAIN LIBRARY (Kitwe)
_H1
_I0.00
_UAVAILABLE
_ZZambiana Collection
999 _c62441
_d62441